• 首页
  • 本馆介绍
  • 公告通知
  • 最新文献
  • 馆藏检索
  • 电子资源
  • 读者导购
  • 参考咨询
  • 我的图书馆
  • 登录
  • 详细信息显示
  • 放入我的书架
  • 预约/预借图书
  • 作者相关作品
  • 分类相关作品
  • 丛书相关作品
  • 出版社相关作品

书目信息

  • 表格格式
  • 工作单格式
  • 卡片格式
题名:
数码摄像技巧大全
    
 
作者: 斯托弗 , 帕里克 著 ;王一多 , 崔薇 翻译
分册:  
出版信息: 南京   江苏科学技术出版社  2005
页数: 14,357页
开本: 21cm
丛书名:
单 册:
中图分类: TN948.41
科图分类:
主题词: 数字控制摄象机--基本知识 , 拍摄技术 , 数字控制摄象机--拍摄技术
电子资源:
ISBN: 7-5345-4459-9
000 01221nam0 2200325 45
001 060000032936
005 20051213112915.35
010    @a7-5345-4459-9@dCNY23.00
092    @aCN
100    @a20050616d2005 ekmy0chiy0120 ea
101 1  @achi@ceng
102    @aCN@b110000
105    @aa z 000yy
200 1  @a数码摄像技巧大全@9shu ma she xiang ji qiao da quan@d= Todd Stauffer Nina Parikh@f(美)托德·斯托弗,(美)妮娜·帕里克著@F(mei)tuo de·si tuo fu,(mei)ni na·pa li ke zhu@g王一多,崔薇翻译@zeng
210    @a南京@c江苏科学技术出版社@d2005
215    @a14,357页@c图@d21cm
306    @a本书和美国麦格劳-希尔教育(亚洲)出版公司合作出版
330    @a本书主要包括:选择摄像机器材,录像制作人所需具务的计算机基础知识,家庭录像,婚礼录像和重要活动录像,采访,纪录片,商业录像和机构录像等12章内容。
510 1  @aTodd Stauffer Nina Parikh@zeng
606 0  @a数字控制摄象机@x基本知识
606 0  @a拍摄技术
606 0  @a数字控制摄象机@x拍摄技术
690    @aTN948.41@v4
701  0 @a斯托弗@Asi tuo fu@4著
701  0 @a帕里克@Apa li ke@4著
702  0 @a王一多@9wang yi duo@4翻译
702  0 @a崔薇@9cui wei@4翻译
801  0 @aCN@bCXYBOOK@c20051213
905    @a10447@dTN948.41@e195
999    @aHSJ@eDF
    
    数码摄像技巧大全= Todd Stauffer Nina Parikh/(美)托德·斯托弗,(美)妮娜·帕里克著/王一多,崔薇翻译.-南京:江苏科学技术出版社,2005
    14,357页:图;21cm
    
    
    ISBN 7-5345-4459-9:CNY23.00
    本书主要包括:选择摄像机器材,录像制作人所需具务的计算机基础知识,家庭录像,婚礼录像和重要活动录像,采访,纪录片,商业录像和机构录像等12章内容。
●
相关链接 在E读中查询图书 在五车中查询图书 在当当中查询图书 在豆瓣中查询图书


正题名:数码摄像技巧大全     索取号:TN948.41/195         预约/预借

序号 登录号 条形码 馆藏地/架位号 状态 备注
1 0371208   203712081   第二样本阅览室/ [索取号:TN948.41/195] 在馆    
2 0371209   203712090   第三借阅区/ [索取号:TN948.41/195] 在馆    
3 0371210   203712107   第三借阅区/ [索取号:TN948.41/195] 在馆    
4 0371211   203712116   第三借阅区/ [索取号:TN948.41/195] 在馆    
5 0371212   203712125   第三借阅区/ [索取号:TN948.41/195] 在馆    
唐山师范学院图书馆 欢迎您!
大连网信软件有限公司© 版权所有